| 000 | 00397pab a2200157 454500 | ||
|---|---|---|---|
| 008 | 180718b2013 xxu||||| |||| 00| 0 eng d | ||
| 100 | _aRyo, Emily | ||
| 245 | _aDeciding to cross: Norms and economics of unauthorized migration | ||
| 260 | _c2013 | ||
| 300 | _ap.574-603. | ||
| 362 | _aAug | ||
| 650 | _aMigration | ||
| 773 | _aAmerican Sociological Review | ||
| 908 | _aN | ||
| 909 | _a101620 | ||
| 999 |
_c101618 _d101618 |
||